000 00261nam a2200109Ia 4500
008 190216s9999||||xx |||||||||||||| ||und||
100 _aGanapathi Iyer.V
245 0 _aMathematical Analysis
260 _bTata Mcgrawhill Publishers
300 _a352
942 _cBK
999 _c30618
_d30618